Chinese animated film and ideology, 1940s-1970s (Record no. 28158)

MARC details
000 -LEADER
fixed length control field 00600nam a2200181Ia 4500
020 ## - INTERNATIONAL STANDARD BOOK NUMBER
ISBN 9781032148939
050 ## - CALL MARK
Classification number PN 1995.9 .A53 .B63/
100 ## - STATEMENT OF RESPONSIBILITY--MAIN AUTHOR NAME
Personal name Bobrowska, Olga
245 #0 - TITLE STATEMENT
Title Chinese animated film and ideology, 1940s-1970s
260 ## - PUBLICATION, DISTRIBUTION, ETC. (IMPRINT)
Place of publication Boca Raton
260 ## - PUBLICATION, DISTRIBUTION, ETC. (IMPRINT)
Name of publisher CRC Press
260 ## - PUBLICATION, DISTRIBUTION, ETC. (IMPRINT)
Year of publication 2023
300 ## - PHYSICAL DESCRIPTION
Number of Pages ix. 164p.:
650 ## - SUBJECT ADDED ENTRY--TOPICAL TERM
Topical Term Mao, Zedong, 1893-1976--Philosophy. Animated films--China--History and criticism. Motion pictures in propaganda--China. Motion pictures--Political aspects--China.
942 ## - ADDED ENTRY ELEMENTS (KOHA)
Koha item type Books
Holdings
Withdrawn status Lost status Source of classification or shelving scheme Damaged status Not for loan Permanent Location Current Location Shelving location Date acquired Accession Number Price effective from Koha item type
    Library of Congress Classification     NILE UNIVERSITY OF NIGERIA - MAIN LIBRARY NILE UNIVERSITY OF NIGERIA - MAIN LIBRARY Items on shelf 04/23/2025 0198207 04/23/2025 Books